000 00646cam a22001934a 4500
001 118491
005 20250208090809.0
008 971020s1998 oru 000 0 eng
020 _a9781885221803
050 0 0 _aRC606.54
_b.D74 1998
100 1 _aDrench, Meredith E.
245 1 0 _aRed ribbons are not enough :
_bhealth caregivers' stories about AIDS /
_cMeredith E. Drench.
260 _aWilsonville, OR :
_bBook Partners,
_cc1998.
300 _av, 214 p. ;
_c23 cm.
650 0 _aAIDS (Disease)
_xPatients
_xCare.
650 0 _aAIDS (Disease)
_xPatients
_vBiography.
650 0 _aMedical personnel
_zUnited States
_vBiography.
942 _2lcc
_cBK
_n0
999 _c3635
_d3635